<?xml version="1.0" encoding="UTF-8"?>
<collection xmlns="http://www.loc.gov/MARC21/slim">
    <record>
        <controlfield tag="001">88757</controlfield>
        <controlfield tag="005">20200514105013.0</controlfield>
        <datafield tag="037" ind1=" " ind2=" ">
            <subfield code="a">TAZ-TFG-2020-205</subfield>
        </datafield>
        <datafield tag="041" ind1=" " ind2=" ">
            <subfield code="a">spa</subfield>
        </datafield>
        <datafield tag="100" ind1="1" ind2=" ">
            <subfield code="a">Barrado Benítez, Miguel Antonio</subfield>
        </datafield>
        <datafield tag="242" ind1="0" ind2="0">
            <subfield code="a">The school garden as a resource to reduce truancy</subfield>
        </datafield>
        <datafield tag="245" ind1="0" ind2="0">
            <subfield code="a">El huerto escolar como recurso para reducir el absentismo escolar</subfield>
        </datafield>
        <datafield tag="260" ind1=" " ind2=" ">
            <subfield code="a">Zaragoza</subfield>
            <subfield code="b">Universidad de Zaragoza</subfield>
            <subfield code="c">2020</subfield>
        </datafield>
        <datafield tag="506" ind1=" " ind2=" ">
            <subfield code="a">by-nc-sa</subfield>
            <subfield code="b">Creative Commons</subfield>
            <subfield code="c">3.0</subfield>
            <subfield code="u">http://creativecommons.org/licenses/by-nc-sa/3.0/</subfield>
        </datafield>
        <datafield tag="520" ind1=" " ind2=" ">
            <subfield code="a">Este trabajo aborda la eficacia del huerto escolar como instrumento para reducir el absentismo escolar en la etapa de secundaria. En un primer lugar el trabajo recoge una revisión bibliográfica de artículos, libros, decretos y leyes relacionada con el Programa de Promoción de la Permanencia en el Sistema Escolar, la atención a la diversidad y el huerto escolar. Después el trabajo señala sus objetivos, identificar y describir las posibilidades del huerto para combatir el absentismo escolar.  Continuando con la exposición de la metodología empleada para realizar este trabajo, la cual se ha basado en una entrevista de carácter cualitativo. Tras esto se presentan los resultados obtenidos en la entrevista realizada al tutor del PPPSE del I.E.S Pirámide de Huesca. Finalmente el trabajo presenta una conclusión en la que se reflejan la importancia de identificar las necesidades educativas de los estudiantes, la utilidad de contextualizar las actividades y los beneficios de trabajar codo con codo junto a los estudiantes. Por último se exponen algunos problemas identificados en el PPPSE. &lt;br />&lt;br /></subfield>
        </datafield>
        <datafield tag="521" ind1=" " ind2=" ">
            <subfield code="a">Graduado en Magisterio en Educación Primaria</subfield>
        </datafield>
        <datafield tag="540" ind1=" " ind2=" ">
            <subfield code="a">Derechos regulados por licencia Creative Commons</subfield>
        </datafield>
        <datafield tag="700" ind1=" " ind2=" ">
            <subfield code="a">Lucha López, Pedro Clemente</subfield>
            <subfield code="e">dir.</subfield>
        </datafield>
        <datafield tag="710" ind1="2" ind2=" ">
            <subfield code="a">Universidad de Zaragoza</subfield>
            <subfield code="b"> </subfield>
            <subfield code="c"></subfield>
        </datafield>
        <datafield tag="856" ind1="0" ind2=" ">
            <subfield code="f">666163@celes.unizar.es</subfield>
        </datafield>
        <datafield tag="856" ind1="4" ind2=" ">
            <subfield code="s">398522</subfield>
            <subfield code="u">http://zaguan.unizar.es/record/88757/files/TAZ-TFG-2020-205.pdf</subfield>
            <subfield code="y">Memoria (spa)</subfield>
        </datafield>
        <datafield tag="909" ind1="C" ind2="O">
            <subfield code="o">oai:zaguan.unizar.es:88757</subfield>
            <subfield code="p">driver</subfield>
            <subfield code="p">trabajos-fin-grado</subfield>
        </datafield>
        <datafield tag="950" ind1=" " ind2=" ">
            <subfield code="a"></subfield>
        </datafield>
        <datafield tag="951" ind1=" " ind2=" ">
            <subfield code="a">deposita:2020-05-13</subfield>
        </datafield>
        <datafield tag="980" ind1=" " ind2=" ">
            <subfield code="a">TAZ</subfield>
            <subfield code="b">TFG</subfield>
            <subfield code="c">FCHE</subfield>
        </datafield>
        <datafield tag="999" ind1=" " ind2=" ">
            <subfield code="a">20200213133716.CREATION_DATE</subfield>
        </datafield>
    </record>

    
</collection>